<?xml version="1.0" encoding="UTF-8"?>
<collection xmlns:xsi="http://www.w3.org/2001/XMLSchema-instance" xsi:schemaLocation="http://www.loc.gov/MARC21/slim http://www.loc.gov/standards/marcxml/schema/MARC21slim.xsd" xmlns="http://www.loc.gov/MARC21/slim">
 <record>
  <leader>00000ctm a22000003a 4500</leader>
  <controlfield tag="001">UP-99796217611796171</controlfield>
  <controlfield tag="003">Buklod</controlfield>
  <controlfield tag="005">20151001140715.0</controlfield>
  <controlfield tag="006">a     r    |||| u|</controlfield>
  <controlfield tag="007">ta</controlfield>
  <controlfield tag="008">151001s1985    xx     d     r    |||| u|</controlfield>
  <datafield tag="035" ind1=" " ind2=" ">
   <subfield code="a">(iLib)UPD-00249809340</subfield>
  </datafield>
  <datafield tag="040" ind1=" " ind2=" ">
   <subfield code="a">dche</subfield>
  </datafield>
  <datafield tag="041" ind1=" " ind2=" ">
   <subfield code="a">eng</subfield>
  </datafield>
  <datafield tag="090" ind1=" " ind2=" ">
   <subfield code="a">LG 993.5 1985 F66</subfield>
   <subfield code="b">P47</subfield>
  </datafield>
  <datafield tag="100" ind1="0" ind2=" ">
   <subfield code="a">Peralta, Emelie Gay R.</subfield>
  </datafield>
  <datafield tag="245" ind1="0" ind2="0">
   <subfield code="a">Cabinet-dehydrated beef powder for a soup mix</subfield>
   <subfield code="c">Emelie Gay R. Peralta ; Sonia Y. de Leon, adviser.</subfield>
  </datafield>
  <datafield tag="264" ind1=" " ind2="1">
   <subfield code="a">Quezon City</subfield>
   <subfield code="b">College of Home Economics</subfield>
   <subfield code="c">c1985.</subfield>
  </datafield>
  <datafield tag="300" ind1=" " ind2=" ">
   <subfield code="a">viii, 53 pages</subfield>
  </datafield>
  <datafield tag="502" ind1=" " ind2=" ">
   <subfield code="a">Thesis (B.S. Food Technology)--University of the Philippines Diliman.</subfield>
  </datafield>
  <datafield tag="520" ind1=" " ind2=" ">
   <subfield code="a">This research study aimed to prove the technical feasibility of cabinet drying as a method of producing Salmonella-free powdered beef. Additionally, proteolytic enzyme (papain) were used in order to determine whether or not they would increase the yield of the product. The experiment resulted in an average yield of 22.1% without using the enzyme. Use of proteolytic enzyms decreased the average yield to 17.9%. To determine the quality of the product, microbiological, objective and sensory tests were conducted. It was found that the product was free from Salmonella and coliform microorganisms. The average total plate count was 337/g and Staphylococcus aureus count was 37/g. The proximate analysis of the samples gave an average composition of 2.13% final moisture content, 10.73% crude fat and 2.59% total ash. All these test results were within the acceptable range of specifications set by a commercial firm. The color of the finished product ranged from brown to dark brown, and a slight beef odor and flavor. In a 9-pint Hedonic scale, it was rated 8 (like moderately) by sensory panelists.</subfield>
  </datafield>
  <datafield tag="650" ind1="1" ind2="7">
   <subfield code="a">Beef.</subfield>
  </datafield>
  <datafield tag="650" ind1=" " ind2="0">
   <subfield code="a">Dried beef.</subfield>
  </datafield>
  <datafield tag="700" ind1="1" ind2=" ">
   <subfield code="a">De Leon, Sonia Y.</subfield>
  </datafield>
  <datafield tag="905" ind1=" " ind2=" ">
   <subfield code="a">FI</subfield>
  </datafield>
  <datafield tag="852" ind1="0" ind2=" ">
   <subfield code="a">UPD</subfield>
   <subfield code="b">DCHE</subfield>
   <subfield code="h">LG 993.5 1985 F66</subfield>
   <subfield code="i">P47</subfield>
  </datafield>
  <datafield tag="942" ind1=" " ind2=" ">
   <subfield code="a">Thesis</subfield>
  </datafield>
 </record>
</collection>
